00613nam a2200193Ia 4500008004100000020001400041082001200055100002300067245002400090250000700114260004900121300002700170500001900197600003300216650002800249942000700277952012000284999001500404240925s9999 xx 000 0 und d a434984671 a428 WAL aWaldhorn, Arthur - 0aEnglish Made Simple aNA aLondon:bHeinemann Educational Booksc,1981. axvi,207p.bNAfPirated aIncludes Index aHumanities & Natural Science aEnglish and Old English cBK 001040708HUMaUITUbUITUd1999-03-05ePhoto Statg108.00l0o428 WALpQ1966r2024-09-25 07:12:37w2024-09-25yBK c4465d4465